Statistics for Thomas Müller Goals 2015

Click here to take the quiz!

General Stats

  • This quiz has been taken 24 times
  • The average score is 9 of 21

Answer Stats

Muller % Correct
Borussia Dortmund
91%
FC Barcelona
77%
Bayer Leverkusen
73%
Schalke 04
68%
VfL Wolfsburg
64%
Hamburger SV
64%
VfB Stuttgart
55%
Eintracht Frankfurt
50%
Hertha BSC
45%
Werder Bremen
45%
Augsburg
41%
Hannover 96
41%
1899 Hoffenheim
36%
Arsenal FC
36%
1. FC Köln
27%
Poland
27%
FC Porto
18%
Shakhtar Donetsk
14%
Scotland
14%
Olympiacos
9%
Georgia
9%

Score Distribution

Percentile by Number Answered

Percent of People with Each Score

Your Score History

You have not taken this quiz